| 000 | 00586nam a2200181Ia 4500 | ||
|---|---|---|---|
| 005 | 20250508152109.0 | ||
| 008 | 008 250505s9999 xx 000 0 eng d | ||
| 037 | _aBooks to be hide in OPAC | ||
| 040 |
_aFEDL _beng _cFEDL |
||
| 041 |
_aeng _2eng |
||
| 084 |
_a310, STA/O _qFEDL |
||
| 100 | _aSteinberg S H | ||
| 245 | 0 | _aStates man's year-book: Statistical and historical annual of the sates of the world for the year 1957 | |
| 260 |
_aLondon, UK _bMacmillan and Company Ltd. _c1957 |
||
| 300 | _axxvi,1638p. | ||
| 942 |
_cHB _h310, STA/O |
||
| 999 |
_c1334235 _d1334235 |
||